Udržitelné pořizování staveb : ekonomické aspekty /

Hlavní autor: Schneiderová Heralová, Renáta, 1972-
Jazyk: Čeština
Vydáno: Praha : Wolters Kluwer Česká republika, 2011
Vydání: Vyd. 1.
Témata:
Fyzický popis: 256 s. : il. ; 21 cm
Knihy
Uloženo v:
LEADER 01639nam a2200457 a 4500
001 nkc20112175456
003 CZ PrNK
005 20130725084652.0
007 ta
008 110317s2011 xr a f 001 0 cze
015 |a cnb002175456 
020 |a 978-80-7357-642-4  |q (brož.) 
035 |a (OCoLC)730408096 
040 |a OLA001  |b cze 
041 0 |a cze  |b eng 
072 7 |a 69  |x Stavebnictví  |2 Konspekt  |9 19 
080 |a 69  |2 MRF 
080 |a 33  |2 MRF 
080 |a 69.059.4  |2 MRF 
080 |a 657.474.5  |2 MRF 
080 |a (048.8)  |2 MRF 
100 1 |a Schneiderová Heralová, Renáta,  |d 1972-  |7 ntka172541  |4 aut 
245 1 0 |a Udržitelné pořizování staveb :  |b ekonomické aspekty /  |c Renáta Schneiderová Heralová 
250 |a Vyd. 1. 
260 |a Praha :  |b Wolters Kluwer Česká republika,  |c 2011 
300 |a 256 s. :  |b il. ;  |c 21 cm 
504 |a Obsahuje bibliografii, bibliografické odkazy a rejstřík 
650 0 7 |a stavebnictví  |7 ph116275  |x ekonomické aspekty  |2 czenas 
650 0 7 |a životnost staveb  |7 ph135236  |2 czenas 
650 0 7 |a kalkulace nákladů  |7 ph166527  |2 czenas 
650 0 9 |a construction industry  |x economic aspects  |2 eczenas 
650 0 9 |a life of buildings  |2 eczenas 
650 0 9 |a cost accounting  |2 eczenas 
655 7 |a monografie  |7 fd132842  |2 czenas 
655 9 |a monographs  |2 eczenas 
910 2 |a BOA001  |b 2-1265.921 
990 |a BK 
995 |a 01 
991 |b 201105  |c NOV  |e n 
996 6 |b 2610466416  |c 2-1265.921  |l MZK  |r Sklad / do 1 hodiny  |n 1  |p p.v.  |w 001180846  |u 000010  |a 1  |e BOA001  |j MZK50  |s P 
996 7 |b 2610480171  |c 2-1265.921  |l Vol.výběr  |r VV 1p  |n 19  |p kup  |h 69 HER  |w 001180846  |u 000020  |a 0  |e BOA001  |j MZK50  |s A